[Event "CRO-ch U15"]
[Site "Trogir"]
[Date "2022.06.22"]
[Round "1"]
[White "Zadro, Matej"]
[Black "Rudan, Niko"]
[Result "1-0"]
[WhiteElo "1861"]
[BlackElo "1291"]
[PlyCount "61"]
[EventDate "2022.06.22"]
[EventType "swiss"]
[EventRounds "9"]
[EventCountry "CRO"]
[SourceTitle "CBM 209 Extra"]
[Source "ChessBase"]
[SourceDate "2022.09.30"]
[SourceVersion "1"]
[SourceVersionDate "2022.09.30"]
[SourceQuality "1"]

1. e4 c6 2. d4 d5 3. exd5 cxd5 4. c4 e6 5. cxd5 exd5 6. Nc3 Nc6 7. h3 Nf6 8. Bg5 Be7 9. Nf3 h6 10. Bf4 Bd6 11. Bxd6 Qxd6 12. Bd3 0-0 13. 0-0 a6 14. Rc1 Re8 15. Qb3 Na5 16. Qa4 Qb6 17. Nxd5 Qd8 18. Nc7 Bd7 19. Qxa5 Bc6 20. b4 Nd5 21. Nxd5 Qxa5 22. bxa5 Bxd5 23. Bc4 Bxf3 24. gxf3 Red8 25. d5 Rd6 26. Bb3 Re8 27. Rfe1 Red8 28. Rc7 b5 29. axb6 Rxb6 30. Rc6 Rxc6 31. dxc6 1-0